000 00322cam a2200145ua 4500
041 _aeng
_h
082 _a320.5
_bROU/SO
100 _aRousseau, Jean Jaccpues .
245 _aSocial condact : Discourse
260 _a :
_bJ.M. deut ,
_c1961.
300 _a269 ; .
504 _a
942 _cBK
999 _c11209
_d11209